000 00341nam a2200133Ia 4500
008 231129s1999||||xx |||||||||||||| ||spa||
020 _a84-86732-77-8
040 _bspa
082 _aR(i) 745.5 P657
245 0 _aPinocho: trabajos manuales
260 _c1999
264 _aCultural
942 _2ddc
_cBKS
999 _c22766
_d22766